000 00287nam a2200109Ia 4500
008 220204s9999 xx 000 0 und d
082 _a091
_bCUL.5
245 0 _aCultural history of India. 5 V
260 _aCalcutta
_bRamakrishna Mission
_c1937
650 _aCultural heritage
942 _cBK
999 _c35964
_d35964